| 000 | 00318nam a2200121Ia 4500 | ||
|---|---|---|---|
| 008 | 230907s9999||||xx |||||||||||||| ||und|| | ||
| 082 |
_a621.3121 _bBLA |
||
| 100 |
_aBlack & Veatch _9115378 |
||
| 245 | 0 | _aPower plant engineering | |
| 260 |
_aChapman & Hall, _bNew York : _c1996 |
||
| 300 | _axiv, 858 p. : | ||
| 942 | _cBK | ||
| 999 |
_c598279 _d598279 |
||